| 000 | 00760nam a22002055i 4500 | ||
|---|---|---|---|
| 001 | 12239 | ||
| 003 | ES-MaACL | ||
| 005 | 20230906150253.0 | ||
| 007 | t| | ||
| 008 | 960130s1994 sp ||||0| spa j | ||
| 020 | _a84-604-9624-4 | ||
| 040 |
_aM-BN _bspa _cM-BN |
||
| 080 | _a113/119 | ||
| 100 | 1 |
_aCuadrado Alvárez, Rafael. _941890 |
|
| 245 | 1 | 0 |
_aRealismo filosófico científico y aplicabilidad de la teoría de los órdenes dimensionales de aglomeración nuclear (O.D.A.N.) _b: (quinto, sexto y séptimo desarrollos de mi concepción ontocosmológica) / _cRafael Cuadrado Alvarez. |
| 260 |
_aMadrid [Angel Larra, 4] : _bR. Cuadrado, _c1994. |
||
| 300 |
_a290 p ; _c24 cm. |
||
| 650 | 1 | 4 |
_aCosmología. _911389 |
| 852 |
_aES-MaACL _jL-19564 _bR.126017 |
||
| 999 |
_c12239 _d12239 |
||